| 000 | 00373nam a2200145Ia 4500 | ||
|---|---|---|---|
| 008 | 230312s9999||||xx |||||||||||||| ||und|| | ||
| 020 | _a9781305501256 | ||
| 082 |
_a658.478 _bWHI-M |
||
| 100 | _aStuttard,Dafydd | ||
| 245 | 4 | _aThe Web Application Hackers Handbook | |
| 260 |
_bCengage _aUSA _c2017 |
||
| 300 | _a650 | ||
| 650 |
_aComputer _vComputer security. |
||
| 942 | _cBK | ||
| 999 |
_c17058 _d17058 |
||